000 00942nam a2200277Ia 4500
003 OSt
005 20220918171052.0
006 a|||||r|||| 00| 0
007 ta
008 220917b |||||||| |||| 00| 0 eng d
020 _a9781138600560 (pbk)
_cUKP 24.99
024 _a353,284
037 _b8708, 11/12/2019, Efficient Book Distributors
_cTextual
040 _aARTS
_cARTS
_beng
041 _2eng
_aeng
082 _aS:86, R0
100 _aFabio Rosa Angela Au.
_933810
245 0 _aUnderstanding rett syndrome
_b a guide to symptoms, management and treatment
260 _aLondon
_bRoutledge UK
_c2020
300 _a128p.
_ccm.
650 _aPSYCHOLOGY
700 _a Capri Tindara Au.
_933811
700 _a Martono Gabriella Au.
_933812
942 _hS:86, R0
_cTEXL
_2CC
999 _c137692
_d137692